000 00865nas a2200265 4500
001 BR2012001300
003 BR-BrBNA
005 20231205120230.0
007 ta
008 230509b bl.|||p| |||| 00| 00por d
040 _aBR-BrBNA
_bpor
_cBiblioteca Nacional de Agricultura
041 _a(Pt)
072 _aP33
100 1 _aAndrade, R. da S.
100 1 _aStone, L.F.
245 1 _aEstimativa da umidade na capacidade de campo em solos sob Cerrado
650 _aFÍSICA DO SOLO
650 _aTEXTURA DO SOLO
650 _aRETENÇÃO DE ÁGUA NO SOLO
650 _aDRENAGEM
773 0 _tRevista Brasileira de Engenharia Agrícola e Ambiental (Brazil)
_xISSN 1807-1929
_g(Fev 2011), v.15(2) p. 111-116
_wBR2012001300
856 4 0 _uhttp://www.scielo.br/pdf/rbeaa/v15n2/v15n2a01.pdf
909 _a202311
_bLúcia
_c55
_dLúcia Elande
942 _2AGRIS
_n0
_cANA
999 _c217543
_d217543